All Big Brother Franchise Contestants - Statistics

General Stats
  • This quiz has been taken 82 times
    37 since last reset
  • The average score is 241 of 525
Answer Stats
Letter Contestant % Correct
C Curtis Kin
75%
D Dan Gheesling
75%
D Daniel Clarke
75%
D Daniel Durston
75%
D Dan Szabo
75%
D David Alexander
75%
D David Girton
75%
D David Lane
75%
E Eddie Lin
75%
E Eddie McGee
75%
I Ika Wong
75%
J Jace Agolli
75%
J Jack Matthews
75%
J Jack Owens
75%
J Jackson Michie
75%
J Jamie Kern
75%
J Janelle Pierzina
75%
J Jase Wirey
75%
J Jason Dent
75%
J Jason Guy
75%
J Jason Roy
75%
J Joe Arvin
75%
J Joe Barber
75%
J Josh Farnworth
75%
J Josh Feinberg
75%
J Josh Martinez
75%
J Josh Nash
75%
J Josh Souza
75%
J Joshuah Welch
75%
M Matt Clines
75%
M Matt Hardeman
75%
M Matthew Turner
75%
M Matthew Wong
75%
M Matt Hoffman
75%
M Matt Klotz
75%
M Matt McDonald
75%
M Mike 'Boogie' Malin
75%
M Mike Dutz
75%
M Mike Lubinski
75%
N Natalie Carroll
75%
N Natalie Cunial
75%
N Natalie Martinez
75%
N Natalie Negrotti
75%
P Paul Abrahamian
75%
P Paulie Calafiore
75%
P Paul Jackson
75%
T Taylor Hale
75%
T Tychon Carter-Newman
75%
T Tyler Crispen
75%
T Ty McDonald
75%
W Wil Heuser
75%
W William 'Will' Kenny
75%
W Will Kirby
75%
W Will Wikle
75%
A Aaryn Gries
50%
A Adam Jasinski
50%
A Adam Pike
50%
A Adam Poch
50%
A Adria Klein
50%
A AJ Burman
50%
A Alec Beall
50%
A Alejandra 'Ali' Martinez
50%
A Alex Coladonato
50%
A Alex Ow
50%
A Alex Willett
50%
A Alison Irwin
50%
A Allison Nichols
50%
A Allison White
50%
A Alyssa Lopez
50%
A Alyssa Snider
50%
A Amanda Craig
50%
A Amanda Hansen
50%
A Amanda Zuckerman
50%
A Amber Borzotra
50%
A Amber Siyavus
50%
A Ameerah Jones
50%
A America Lopez
50%
A Amy Crews
50%
A Analyse Talavera
50%
A Andy Herren
50%
A Aneal Ramkissoon
50%
A Angela Murray
50%
A Angela Rummans
50%
A Angie Swindell
50%
A Angie Tackie
50%
A Anick Gervais
50%
A Annie Whittington
50%
A Anthony Douglas
50%
A April Dowling
50%
A April Lewis
50%
A Ashlea Evans
50%
A Ashleigh Wood
50%
A Ashley Iocco
50%
A Audrey Middleton
50%
A Austin Dookwah
50%
A Austin Matelson
50%
A Autumn Daly
50%
A Azah Awasum
50%
B Bayleigh Dayton
50%
B Bayleigh Pelham
50%
B Beau Beasley
50%
B Blue Kim
50%
B Bobby Hlad
50%
B Bowie Jane Ball
50%
B Brendon Villegas
50%
B Brent Champagne
50%
B Brett Robinson
50%
B Brian Hart
50%
B Bridgette Dunning
50%
B Britini D'Angelo
50%
B Britney Haynes
50%
B Brittany Hoopes
50%
B Brittany Martinez
50%
B Brittany Petros
50%
B Brittnee Blair
50%
B Bronte D'Acquisto
50%
B Brooke Warnock
50%
B Brooklyn Rivera
50%
B Bruno Ielo
50%
B Bryan Ollie
50%
B Bunky Miller
50%
C Cameron Hardin
50%
C Cameron Heard
50%
C Cam Sullivan-Brown
50%
C Candice Stewart
50%
C Carol Journey
50%
C Carol Rosher
50%
C Cassandra Shahinfar
50%
C Cassandra Waldon
50%
C Cedric Hodges
50%
C Chelsie Baham
50%
C Chiara 'Kiki' Berti
50%
C Chima Simone
50%
C Chris 'Swaggy C' Williams
50%
C Christian Birkenberger
50%
C Christie Murphy
50%
C Christine Brecht
50%
C Christine Kelsey
50%
C Christmas Abbott
50%
C Chris Wyllie
50%
C Cirie Fields
50%
C Claire Rehfuss
50%
C Clay Honeycutt
50%
C Cliff Hogg III
50%
C Cody Calafiore
50%
C Cody Nickson
50%
C Cory Kennedy
50%
C Cory Wurtenberger
50%
D Dallas Cormier
50%
D Dana Varela
50%
D Dane Rupert
50%
D Daniele Briones
50%
D Danielle Alexander
50%
D Danielle Lickey
50%
D Danielle Murphree
50%
D Danielle Reyes
50%
D Da'Vonne Rogers
50%
D Derek Frazier
50%
D Derek Kesseler
50%
D Derek Xiao
50%
D Derrick Levasseur
50%
D Devin Shepherd
50%
D Diane Henry
50%
D Dick Donato
50%
D Dominique Cooper
50%
D Dre Gwenaelle
50%
D Drew Daniel
50%
D Dustin Erikstrup
50%
E Elena Davies
50%
E Emmett Blois
50%
E Enzo Palumbo
50%
E Eric Littmann
50%
E Eric Ouellette
50%
E Eric Stein
50%
E Erika Landin
50%
E Estefania Hoyos
50%
F Felicia Cannon
50%
F Frank Eudy
50%
F Frankie Grande
50%
G Gary Levy
50%
G George Boswell
50%
G Gerry Lancaster
50%
G GinaMarie Zimmerman
50%
G Gino Giannopoulos
50%
G Glenn Garcia
50%
G Godfrey Mangwiza
50%
H Haleigh Broucher
50%
H Hannah Chaddha
50%
H Hardy Ames-Hill
50%
H Heather Decksheimer
50%
H Hira Deol
50%
H Holly Allen
50%
H Holly King
50%
H Howard Overby
50%
H Howie Gordon
50%
I Ian Terry
50%
I Indy Santos
50%
I Isabella Wang
50%
I Ivette Corredero
50%
I Izzy Gleicher
50%
J Jacey-Lynne Graham
50%
J Jackie Ibarra
50%
J Jackie McCurrach
50%
J Jacob Heald
50%
J Jag Bains
50%
J Jamar Lee
50%
J Jameka Cameron
50%
J James Huling
50%
J James Rhine
50%
J James Zinkand
50%
J Jared Fields
50%
J Jared Kesler
50%
J JC Mounduix
50%
J Jean Jordan
50%
J Jee Choe
50%
J Jeff Schroeder
50%
J Jeff Weldon
50%
J Jen DiTurno
50%
J Jen Johnson
50%
J Jenn Arroyo
50%
J Jennifer Vasquez
50%
J Jeremy McGuire
50%
J Jerry MacDonald
50%
J Jess Gowling
50%
J Jessica Graf
50%
J Jessica Hughbanks
50%
J Jessica Milagros
50%
J Jessie Godderz
50%
J Jessie Kowalski
50%
J Jillian MacLaughlin
50%
J Jillian Parker
50%
J Jocasta Odom
50%
J Jodi Rollins
50%
J Joey Van Pelt
50%
J John Luke Kieper
50%
J John McGuire
50%
J John Michael Sosa
50%
J Johnny Colatruglio
50%
J Johnny Mulder
50%
J JoJo Spatafora
50%
J Jon Pardy
50%
J Jordan Lloyd
50%
J Jordan Parhar
50%
J Jozea Flores
50%
J Julia Nolan
50%
J Julie Vu
50%
J Jun Song
50%
J Justin Duncan
50%
J Justin Giovinco
50%
J Justin Sebik
50%
K Kaela Grant
50%
K Kaitlin Barnaby
50%
K Kalia Booker
50%
K Karen Fowler
50%
K Karen Ganci
50%
K Karen Singbeil
50%
K Kathryn Dunn
50%
K Kathy Hillis
50%
K Kat Yee
50%
K Kaycee Clark
50%
K Kaysar Ridha
50%
K Keesha Smith
50%
K Kelsey Faith
50%
K Kemi Fakunle
50%
K Kenny Brain
50%
K Kent Blackwelder
50%
K Kevin Campbell
50%
K Kevin Jacobs
50%
K Kevin Martin
50%
K Kevin Schlehuber
50%
K Kiera Wallace
50%
K Kimo Apaka
50%
K Kirsten Elwin
50%
K Krista Stegall
50%
K Kristen Bitting
50%
K Kyland Young
50%
K Kyle Capener
50%
K Kyle Moore
50%
K Kyle Rozendal
50%
K Kyle Shore
50%
K Kyra Shenker
50%
L Lane Elenburg
50%
L Laura Crosby
50%
L Laura Roberts
50%
L Lawon Exum
50%
L Leah Peters
50%
L Lexus Jackson
50%
L Libra Thompson
50%
L Liz Nolan
50%
L Lori Olson
50%
L Lori Valenti
50%
L Luke Valentine
50%
L Lydia Tavera
50%
M Maddy Pavle
50%
M Maddy Poplett
50%
M Madeline Di Nunzio
50%
M Maggie Ausburn
50%
M Makensy Manbeck
50%
M Marcellas Reynolds
50%
M Mark Chrysler
50%
M Mark Drelich
50%
M Mark Jansen
50%
M McCrae Olson
50%
M Mecole Hayes
50%
M Megan Lowder
50%
M Meg Maley
50%
M Memphis Garrett
50%
M Merron Haile
50%
M Michael Bruner
50%
M Michael 'Cowboy' Ellis
50%
M Michael Donnellan
50%
M Michael Stubley
50%
M Michelle Costa
50%
M Michelle Maradie
50%
M Michelle Meyer
50%
M Minh-Ly Nguyen-Cao
50%
M Monica Bailey
50%
M Monte Massongill
50%
M Monte Taylor
50%
N Nakomis Dedmon
50%
N Neda Kalantar
50%
N Neil Garcia
50%
N Nick Maccarone
50%
N Nick Paquette
50%
N Nick Starcevic
50%
N Nick Uhas
50%
N Nicole Anthony
50%
N Nicole Franzel
50%
N Nicole Layog
50%
N Nicole Schaffrich
50%
N Nico Vera
50%
N Nikki Grahame
50%
O Olivia Riemer
50%
O Ovi Kabir
50%
P Paloma Aguilar
50%
P Paras Atashnak
50%
P Peter Brown
50%
P Phil Paquette
50%
P Pilar Nemer
50%
P Pooch Pucciarelli
50%
P Porsche Briggs
50%
R Rachel Plencner
50%
R Rachel Reilly
50%
R Rachel Swindler
50%
R Ragan Fox
50%
R Ramses Soto
50%
R Ramsey Aburaneh
50%
R Raven Walton
50%
R Renny Martyn
50%
R Robert Roman
50%
R Rockstar Lantry
50%
R Roddy Mancuso
50%
R Rubina Bernabe
50%
R Ryan Ballantine
50%
R Ryan Quicksall
50%
S Sabrina Abbate
50%
S Samantha Picco
50%
S Sam Bledsoe
50%
S Sam Smith
50%
S Sarah Beth Steagall
50%
S Sarah Hanlon
50%
S Sarah Hrejsa
50%
S Sarah Miller
50%
S Scott Dennis
50%
S Scottie Salton
50%
S Scott Long
50%
S Scott Weintraub
50%
S Shane Chapman
50%
S Shane Meaney
50%
S Shannon Dragoo
50%
S Sharon Obermueller
50%
S Sheila Kennedy
50%
S Shelby Stockton
50%
S Sheldon Jean
50%
S Shelli Poole
50%
S Shelly Moore
50%
S Sheryl Braxton
50%
S Sindy Nguyen
50%
S Spencer Clawson
50%
S Steve Arienta
50%
S Steve Moses
50%
S Steven Daigle
50%
S Susanne Fuda
50%
T Tiffany Mitchell
50%
T Tiffany Rousso
50%
T Tim Dormer
50%
T T'kor Clottey
50%
T Tola Eam
50%
T Tommy Bracco
50%
T Tom Plant
50%
T Tonya Paoni
50%
T Topaz Brady
50%
T Tucker Des Lauriers
50%
V Vanessa Clements
50%
V Vanessa MacTavish
50%
V Vanessa Rousso
50%
V Veronica Doherty
50%
V Victor Arroyo
50%
V Victoria Rafaeli
50%
V Victoria Woghiren
50%
W William Collins
50%
W William Laprise Desbiens
50%
W Willie Hantz
50%
W Winston Hines
50%
X Xavier Prather
50%
Z Zach Neilson
50%
Z Zach Oleynik
50%
Z Zach Rance
50%
Z Zach Swerdzewski
50%
Z Zakiyah Everette
50%
A Adel Elseri
25%
A Andrew Gordon
25%
A Andrew Miller
25%
A Andrew Monaghan
25%
B Becky Burgess
25%
B Beth Bieda
25%
B Betty Yirsaw
25%
B Breydon White
25%
C Caleb Reynolds
25%
C Cassi Colvin
25%
C Chelsea Bird
25%
C Chelsia Hart
25%
C Claudia Campbell
25%
C Corey Brooks
25%
C Cornbread Ligon
25%
D Damien Ketlo
25%
D Dillon Carman
25%
D Dinis Freitas
25%
D Dominic Briones
25%
D Donny Thompson
25%
E Elijah Kazlauskas
25%
E Elissa Slater
25%
E Erica Hill
25%
F Faysal 'Fessy' Shafaat
25%
F Frenchie French
25%
H Haleena Gill
25%
H Hamza Hatoum
25%
H Hayden Moss
25%
H Hayden Voss
25%
H Helen Kim
25%
H Hermon Nizghi
25%
H Hisam Goueli
25%
J Jasmine Davis
25%
J Jedson Tavernier
25%
J Joel Lefevre
25%
J Joseph Abdin
25%
J Joseph Rodriguez
25%
J Judd Daugherty
25%
K Kail Harbick
25%
K Kailyn Archer
25%
K Kaitlyn Herman
25%
K Kara Monaco
25%
K Keith Henderson
25%
K Kenney Kelley
25%
K Kiefer Collison
25%
K Kryssie Ridolfi
25%
K Kuzie Mujakachi
25%
L Latoya Anderson
25%
L Lisa Donohue
25%
L Lisa Weintraub
25%
L Liza Stinton
25%
L Loveita Adams
25%
M Maki Moto
25%
M Marty Frenette
25%
M Marvin Latimer
25%
M Melina Mansing
25%
M Michele Noonan
25%
M Mitchell 'Mitch' Moffit
25%
M Monet Stunson
25%
M Moose Bendago
25%
M Morgan Willett
25%
N Naeha Sareen
25%
N Nathan Marlow
25%
P Paige Distranski
25%
P Paola Shea
25%
P Parker Somerville
25%
Q Quinn Martin
25%
R Rachelle Diamond
25%
R Raul Manriquez
25%
R Red Utley
25%
R Reilly Smedley
25%
R Rianne Swanson
25%
R Risha Denner
25%
R Rohan Kapoor
25%
R Ronnie Talbott
25%
R Russell Kairouz
25%
S Sharry Ash
25%
S Summer Sayles
25%
S Suzette Amaya
25%
T Talla Rejaei
25%
T Tera Gillen-Petrozzi
25%
T Terrance Higgins
25%
T Tina Thistle
25%
T Todd Clements
25%
T Travis Long
25%
W Whitney Hogg
25%
W Whitney Williams
25%
W Willow MacDonald
25%
A Amal Bashir
0%
A Anika Mysha
0%
A Arlie Shaban
0%
A Avery Martin
0%
B Braden Bacha
0%
C Casey Turner
0%
D Demetres Giannitsos
0%
D Donna Marshall
0%
E Emily Hawkin
0%
G Graig Merritt
0%
H Hope Agbolosoo
0%
J Janine Holmes
0%
J Jay Northcott
0%
J Jesse Larson
0%
J Jonathan Leonard
0%
K Kayla Clennon
0%
N Neeley Jackson
0%
R Renee Mior
0%
R Roberto Lopez
0%
R Rozina Yaqub
0%
S Santina Carlson
0%
S Shanaya Carter
0%
S Stephanie Paterson
0%
T Tynesha White
0%
V Vivek Sabbarwal
0%
No matching quizzes found
Score Distribution
Percent of People with Each Score
Percentile by Number Answered
Your Score History
You have not taken this quiz since the last reset